000 005670000a22001690004500
003 MACL
005 20160204124007.0
008 160204b xxu||||| |||| 00| 0 eng d
040 _aMACL
_cMACL
041 _aHindi
082 _a020
100 _aश्री रूपेन्‍द्र
_936854
245 _aपुस्‍तकालय वर्गीकरण एवं सूचीकरण
260 _bयूनिवर्सिटी पब्लिकेशन्‍स
_aजयपुर
650 _aLibrary Sci.
_936840
942 _cHIN
_k020
_2ddc
999 _c29496
_d29496